[Event "CRO-chT3 West"]
[Site "Croatia"]
[Date "2017.04.09"]
[Round "5.4"]
[White "Acinger, Zeljko"]
[Black "Radmanovic, Lazar"]
[Result "1/2-1/2"]
[WhiteElo "1919"]
[BlackElo "1792"]
[PlyCount "67"]
[EventDate "2017.03.25"]
[EventType "team-tourn"]
[EventRounds "9"]
[EventCountry "CRO"]
[SourceTitle "EXT 2019"]
[Source "ChessBase"]
[SourceDate "2018.10.10"]
[SourceVersion "1"]
[SourceVersionDate "2018.10.10"]
[SourceQuality "1"]

1. e4 e6 2. d4 d5 3. exd5 exd5 4. Bd3 Bd6 5. Nf3 Nf6 6. 0-0 0-0 7. Bg5 Bg4 8. Nbd2 Nbd7 9. c4 c6 10. Qc2 h6 11. Bh4 Rc8 12. c5 Bf4 13. Bf5 Bxf5 14. Qxf5 Bb8 15. Ne5 Re8 16. Nxd7 Qxd7 17. Qxd7 Nxd7 18. Rfe1 Bf4 19. Nf3 Kf8 20. Bg3 Bxg3 21. hxg3 Rxe1+ 22. Rxe1 Re8 23. b4 g5 24. a4 Rxe1+ 25. Nxe1 Ke7 26. g4 Ke6 27. Nc2 f5 28. gxf5+ Kxf5 29. f3 h5 30. b5 g4 31. Nb4 Nb8 32. Kf2 h4 33. fxg4+ Kxg4 34. Nd3 1/2-1/2

[Event "CRO-chT3W"]
[Site "Croatia"]
[Date "2016.04.10"]
[Round "5.5"]
[White "Acinger, Zeljko"]
[Black "Zbasnik, Zeljko"]
[Result "1/2-1/2"]
[WhiteElo "1945"]
[BlackElo "1769"]
[PlyCount "103"]
[EventDate "2016.03.05"]
[EventType "team-tourn"]
[EventRounds "9"]
[EventCountry "CRO"]
[SourceTitle "CBM 171 Extra"]
[Source "ChessBase"]
[SourceDate "2016.04.26"]
[SourceVersion "1"]
[SourceVersionDate "2016.04.26"]
[SourceQuality "1"]
[WhiteTeam "Delnice"]
[BlackTeam "Crikvenica"]
[WhiteTeamCountry "CRO"]
[BlackTeamCountry "CRO"]

1. e4 e5 2. Nf3 Nc6 3. Bc4 h6 4. 0-0 Nf6 5. Nc3 Bc5 6. h3 a6 7. a4 d6 8. d3 0-0 9. Be3 Nd4 10. Bxd4 Bxd4 11. Nxd4 exd4 12. Ne2 c5 13. Nf4 Kh7 14. Qf3 Bd7 15. Rfe1 Bc6 16. g4 Nd7 17. Qg3 Ne5 18. Bd5 Rc8 19. h4 Qd7 20. Bxc6 Rxc6 21. f3 g6 22. Nd5 Qe6 23. g5 h5 24. Nf6+ Kg7 25. b3 Nd7 26. Nxd7 Qxd7 27. f4 f5 28. gxf6+ Rxf6 29. Re2 Qg4 30. Qxg4 hxg4 31. Rf1 Kh6 32. Kg2 Kh5 33. Kg3 b5 34. axb5 axb5 35. f5 c4 36. bxc4 bxc4 37. Rf4 cxd3 38. cxd3 Rc3 39. Rd2 Rc1 40. Rg2 Rd1 41. Rxg4 Rxd3+ 42. Kf4 gxf5 43. exf5 Rd1 44. Rg5+ Kh6 45. Rg6+ Rxg6 46. Rxg6+ Kh5 47. Rxd6 Rf1+ 48. Ke5 Kxh4 49. Rg6 Kh5 50. Rg2 d3 51. f6 Re1+ 52. Kd4 1/2-1/2

[Event "CRO-chT3"]
[Site "Rijeka/Pula"]
[Date "2009.04.26"]
[Round "5"]
[White "Acinger, Zeljko"]
[Black "Zrilic, Bozo"]
[Result "1/2-1/2"]
[WhiteElo "1987"]
[BlackElo "2061"]
[PlyCount "64"]
[EventDate "2009.04.04"]
[EventType "team-tourn"]
[EventRounds "9"]
[EventCountry "CRO"]
[SourceTitle "EXT 2011"]
[Source "ChessBase"]
[SourceDate "2010.11.26"]
[SourceVersion "1"]
[SourceVersionDate "2010.11.26"]
[SourceQuality "1"]

1. e4 c5 2. Nf3 d6 3. d4 cxd4 4. Nxd4 Nf6 5. Nc3 a6 6. a4 g6 7. Be2 Bg7 8. 0-0 0-0 9. Be3 Nc6 10. Nb3 Be6 11. f4 Rc8 12. g4 Nb4 13. Bf3 Nd7 14. Nd4 Bc4 15. Re1 e5 16. Nde2 exf4 17. Nxf4 Ne5 18. Bg2 Qh4 19. h3 Qg3 20. Rc1 Bh6 21. Nfd5 Nxd5 22. Nxd5 Bxe3+ 23. Rxe3 Qh4 24. b3 Bxd5 25. Qxd5 Rc6 26. c4 h5 27. gxh5 Qxh5 28. Rf1 Qg5 29. Rc3 Rfc8 30. Kh2 Qe7 31. Rd1 Qf6 32. Rf1 Qe7 1/2-1/2